| 000 | 00712cam a2200205 4500 | ||
|---|---|---|---|
| 001 | D8379 | ||
| 008 | 090401t1956 xxu||||| |||| 00| 0 eng d | ||
| 035 | _a(Sirsi) u12572 | ||
| 041 | _aeng | ||
| 050 | _a692.8 | ||
| 110 |
_aRoyal Institute of British Architects _92527 |
||
| 245 | _aCost plus percentage form of prime cost contract for use in the repair of war damaged property issued under the sanction of the Royal Institute of British Architects, the National Federation of Building Trades Employers and Royal Institution of Chartered Surveyors | ||
| 250 | _aRev | ||
| 260 |
_aLondon _bRIBA _c1956 |
||
| 300 | _a10p. 33cm | ||
| 350 | _a0 | ||
| 520 | _aCover title | ||
| 942 | _n0 | ||
| 948 | _c04/03/1997 | ||
| 999 |
_c87008 _d87008 |
||